| 000 | 00454nam a22001817a 4500 | ||
|---|---|---|---|
| 003 | CEME | ||
| 005 | 20210628204055.0 | ||
| 008 | 210111b xxu||||| |||| 00| 0 eng d | ||
| 020 | _a9788126148837 | ||
| 040 | _cceme | ||
| 082 | _a530 SIN | ||
| 100 |
_aSingh, Arun Kumar. Dr _968596 |
||
| 245 | _aApplied physics | ||
| 260 |
_aDELHI _bANMOL PUBLICATION _c2012 |
||
| 300 | _aVIII, 295P | ||
| 650 |
_aAPPLIED PHYSICS.PHYSICS. _968597 |
||
| 942 |
_cBK _2ddc |
||
| 999 |
_c576129 _d576129 |
||